[Event "Groningen op 60th"]
[Site "Groningen"]
[Date "2024.12.30"]
[Round "9"]
[White "Zecha, Oscar"]
[Black "Wempe, Joost"]
[Result "1-0"]
[WhiteElo "2134"]
[BlackElo "2233"]
[PlyCount "45"]
[EventDate "2024.12.21"]
[EventType "swiss"]
[EventRounds "9"]
[EventCountry "NED"]
[SourceTitle "CB02_2025"]
[SourceDate "2025.01.08"]
[SourceVersion "1"]
[SourceVersionDate "2025.01.08"]
[SourceQuality "1"]

1. d3 e5 2. c4 Nf6 3. Nf3 Nc6 4. Nc3 d5 5. Bg5 d4 6. Nd5 Be7 7. Nxe7 Qxe7 8. g3 e4 9. Bxf6 Qxf6 10. dxe4 Qe7 11. Nd2 f5 12. exf5 Bxf5 13. Bg2 0-0 14. 0-0 Rae8 15. Nf3 Qxe2 16. Nxd4 Qxb2 17. Nxf5 Rxf5 18. Rb1 Qxa2 19. Rxb7 Ne5 20. Rxc7 Kh8 21. Qd4 a5 22. Re7 Qa4 23. Qa1 1-0

[Event "NED-chT 2223"]
[Site "Netherlands"]
[Date "2023.04.22"]
[Round "9.6"]
[White "Wempe, Joost"]
[Black "Groffen, Hans"]
[Result "1-0"]
[WhiteElo "2306"]
[BlackElo "2090"]
[PlyCount "89"]
[EventDate "2022.09.17"]
[EventType "team-tourn"]
[EventRounds "9"]
[EventCountry "NED"]
[SourceTitle "EXT 2024"]
[Source "ChessBase"]
[SourceDate "2023.10.10"]
[SourceVersion "1"]
[SourceVersionDate "2023.10.10"]
[SourceQuality "1"]
[WhiteTeam "Groningen Combinatie"]
[BlackTeam "Sas van Gent"]
[WhiteTeamCountry "NED"]
[BlackTeamCountry "NED"]

1. d4 d5 2. Nf3 Nf6 3. g3 c6 4. Bg2 Bf5 5. c4 e6 6. Qb3 Qb6 7. c5 Qxb3 8. axb3 Be7 9. Nc3 a6 10. b4 0-0 11. Bf4 Nbd7 12. Nd2 Nh5 13. Be5 f6 14. Bd6 Bxd6 15. cxd6 g5 16. 0-0 Ng7 17. e4 Bg6 18. Rfe1 dxe4 19. Ncxe4 Nf5 20. Nc5 Nxc5 21. dxc5 Nd4 22. Be4 Bxe4 23. Rxe4 e5 24. f4 gxf4 25. gxf4 Rae8 26. fxe5 fxe5 27. Rae1 Nc2 28. R1e2 Nd4 29. R2e3 Nc2 30. Rg3+ Kh8 31. Rg5 Rg8 32. Rxg8+ Rxg8+ 33. Kf1 Rf8+ 34. Kg2 Kg7 35. Rxe5 Nxb4 36. Re7+ Kg6 37. Nf3 Nd3 38. b4 Kf6 39. Rxb7 Ke6 40. Re7+ Kd5 41. d7 Rd8 42. Ng5 Nf4+ 43. Kf1 Ng6 44. Ne6 Nxe7 45. Nxd8 1-0

[Event "NED-chT 2223"]
[Site "Netherlands"]
[Date "2022.11.05"]
[Round "3.10"]
[White "Kollen, Zyon"]
[Black "Wempe, Joost"]
[Result "1-0"]
[WhiteElo "2343"]
[BlackElo "2306"]
[PlyCount "51"]
[EventDate "2022.09.17"]
[EventType "team-tourn"]
[EventRounds "9"]
[EventCountry "NED"]
[SourceTitle "CBM 213 Extra"]
[Source "ChessBase"]
[SourceDate "2023.05.31"]
[SourceVersion "1"]
[SourceVersionDate "2023.05.31"]
[SourceQuality "1"]
[WhiteTeam "Charlois Europoort"]
[BlackTeam "Groningen Combinatie"]
[WhiteTeamCountry "NED"]
[BlackTeamCountry "NED"]

1. d4 d5 2. Nc3 e6 3. e4 Bb4 4. e5 c5 5. a3 Bxc3+ 6. bxc3 Ne7 7. Qg4 Qc7 8. Qxg7 Rg8 9. Qxh7 cxd4 10. Ne2 Nbc6 11. f4 dxc3 12. Nxc3 a6 13. Bd2 Bd7 14. h4 0-0-0 15. Qd3 Nf5 16. Rh3 Nce7 17. Rb1 Bc6 18. h5 d4 19. Ne4 Bxe4 20. Qxe4 Nd5 21. Rhb3 Qe7 22. Rxb7 Qh4+ 23. Kd1 Qf2 24. Rb8+ Kd7 25. R1b7+ Nc7 26. Rxc7+ 1-0

[Event "NED-chT 2122"]
[Site "Netherlands"]
[Date "2022.05.21"]
[Round "5.8"]
[White "Wempe, Joost"]
[Black "Martens, Martin"]
[Result "1/2-1/2"]
[WhiteElo "2312"]
[BlackElo "2351"]
[PlyCount "48"]
[EventDate "2021.09.18"]
[EventType "team-tourn"]
[EventRounds "9"]
[EventCountry "NED"]
[SourceTitle "EXT 2023"]
[Source "ChessBase"]
[SourceDate "2022.10.05"]
[SourceVersion "1"]
[SourceVersionDate "2022.10.05"]
[SourceQuality "1"]
[WhiteTeam "Groningen Combinatie"]
[BlackTeam "Den Bosch HMC"]
[WhiteTeamCountry "NED"]
[BlackTeamCountry "NED"]

1. d4 Nf6 2. Nf3 d5 3. g3 e6 4. Bg2 c5 5. c4 dxc4 6. 0-0 Nc6 7. Ne5 Bd7 8. Na3 cxd4 9. Naxc4 Be7 10. Qb3 Qc7 11. Bf4 Nh5 12. Bxc6 bxc6 13. Bd2 0-0 14. Ba5 Qc8 15. Qd1 c5 16. e3 Nf6 17. exd4 Bb5 18. Rc1 Qa6 19. dxc5 Bxc5 20. a4 Bxc4 21. Nxc4 Nd5 22. Qf3 Rac8 23. b3 Qb7 24. Rfd1 Qe7 1/2-1/2

[Event "Groninger Combinatie op"]
[Site "Groningen"]
[Date "2019.05.31"]
[Round "3"]
[White "Knol, Geon"]
[Black "Wempe, Joost"]
[Result "0-1"]
[WhiteElo "2082"]
[BlackElo "2261"]
[PlyCount "80"]
[EventDate "2019.05.30"]
[EventType "swiss"]
[EventRounds "7"]
[EventCountry "NED"]
[SourceTitle "CBM 190 Extra"]
[Source "ChessBase"]
[SourceDate "2019.07.15"]
[SourceVersion "1"]
[SourceVersionDate "2019.07.15"]
[SourceQuality "1"]

1. e4 e6 2. d4 d5 3. Bd3 dxe4 4. Bxe4 Nf6 5. Bf3 c5 6. Ne2 Nc6 7. c3 e5 8. Bxc6+ bxc6 9. 0-0 Bd6 10. dxe5 Bxe5 11. Qxd8+ Kxd8 12. Bf4 Re8 13. Rd1+ Kc7 14. Nd2 Bg4 15. Nf3 Bxf3 16. gxf3 Nd5 17. Bg3 f5 18. Bxe5+ Rxe5 19. Nc1 c4 20. h4 Rb8 21. Rd2 Rbe8 22. b3 Re1+ 23. Kh2 cxb3 24. axb3 Nxc3 25. Rxa7+ Kb6 26. Nd3 Kxa7 27. Nxe1 Rxe1 28. Rc2 Nd5 29. Rxc6 Kb7 30. Rc5 Rd1 31. f4 Rd3 32. b4 g6 33. Rc4 Rc3 34. Rd4 Kc6 35. h5 Rb3 36. Rc4+ Kd7 37. Rd4 Kd6 38. h6 Rxb4 39. Rd2 Rxf4 40. Kg3 Rg4+ 0-1

[Event "Groningen op-A 55th"]
[Site "Groningen"]
[Date "2017.12.24"]
[Round "4"]
[White "Boer, Alef"]
[Black "Wempe, Joost"]
[Result "0-1"]
[WhiteElo "2088"]
[BlackElo "2314"]
[PlyCount "74"]
[EventDate "2017.12.22"]
[EventType "swiss"]
[EventRounds "9"]
[EventCountry "NED"]
[SourceTitle "CBM 182 Extra"]
[Source "ChessBase"]
[SourceDate "2018.02.23"]
[SourceVersion "1"]
[SourceVersionDate "2018.02.23"]
[SourceQuality "1"]

1. e4 e6 2. d4 d5 3. Nc3 Nf6 4. exd5 exd5 5. Bd3 c5 6. dxc5 Bxc5 7. Nf3 0-0 8. 0-0 b6 9. h3 Nc6 10. a3 a6 11. Bf4 b5 12. Qd2 Re8 13. Rfe1 Be6 14. Rad1 Ra7 15. b4 Bd6 16. Bxd6 Qxd6 17. Bxb5 axb5 18. Nxb5 Qb8 19. Nxa7 Qxa7 20. b5 Na5 21. Qd4 Qb7 22. Qb4 Qb6 23. Nd4 Rc8 24. Rd3 Ne4 25. Red1 Rc4 26. Qe1 Nb7 27. Kh1 Nbc5 28. Re3 Na4 29. f3 Nac3 30. Rdd3 Rxd4 31. fxe4 Nxe4 32. Rxd4 Qxd4 33. Rb3 Nc5 34. b6 Nxb3 35. b7 Qa7 36. Qb4 Qb8 37. Qxb3 d4 0-1

[Event "Groningen op-A 55th"]
[Site "Groningen"]
[Date "2017.12.23"]
[Round "2"]
[White "Beerdsen, Thomas"]
[Black "Wempe, Joost"]
[Result "1/2-1/2"]
[WhiteElo "2419"]
[BlackElo "2314"]
[PlyCount "86"]
[EventDate "2017.12.22"]
[EventType "swiss"]
[EventRounds "9"]
[EventCountry "NED"]
[SourceTitle "CBM 182 Extra"]
[Source "ChessBase"]
[SourceDate "2018.02.23"]
[SourceVersion "1"]
[SourceVersionDate "2018.02.23"]
[SourceQuality "1"]

1. e4 e6 2. d4 d5 3. Nc3 Nf6 4. e5 Nfd7 5. f4 c5 6. Nf3 Nc6 7. Be3 Be7 8. Qd2 0-0 9. dxc5 Qa5 10. Be2 Bxc5 11. Nd4 Bb4 12. Nb3 Bxc3 13. bxc3 Qc7 14. 0-0 Nb6 15. Bc5 Re8 16. Bd6 Qd8 17. Rab1 Bd7 18. Rf3 Ne7 19. Nd4 Nf5 20. Nxf5 exf5 21. Qd4 Bc6 22. Rg3 Nc4 23. Bxc4 dxc4 24. e6 f6 25. e7 Rxe7 26. Bxe7 Qxe7 27. Qxc4+ Kh8 28. Rd3 Re8 29. Qd4 a6 30. h3 h6 31. Kh2 Qf7 32. Rb3 Re4 33. Qf2 Qe7 34. Rd2 Re3 35. c4 Re4 36. c5 Rc4 37. Qg3 Kh7 38. Rbd3 Rxc5 39. c3 Rc4 40. Rd8 Re4 41. Qh4 Re1 42. R8d3 Qe4 43. Qg3 Qe7 1/2-1/2

[Event "NED-chT 1718"]
[Site "Netherlands"]
[Date "2017.12.16"]
[Round "5.10"]
[White "Elgersma, Simon"]
[Black "Wempe, Joost"]
[Result "1-0"]
[WhiteElo "2147"]
[BlackElo "2289"]
[PlyCount "57"]
[EventDate "2017.09.16"]
[EventType "team-tourn"]
[EventRounds "9"]
[EventCountry "NED"]
[SourceTitle "EXT 2019"]
[Source "ChessBase"]
[SourceDate "2018.10.10"]
[SourceVersion "1"]
[SourceVersionDate "2018.10.10"]
[SourceQuality "1"]
[WhiteTeam "SISSA"]
[BlackTeam "Groningen Combinatie"]
[WhiteTeamCountry "NED"]
[BlackTeamCountry "NED"]

1. e4 e6 2. d4 d5 3. Nc3 Nf6 4. e5 Nfd7 5. f4 c5 6. Nf3 Nc6 7. Be3 Be7 8. Qd2 b6 9. Bb5 Bb7 10. 0-0-0 0-0 11. g4 f6 12. exf6 Bxf6 13. Rhe1 Qc7 14. Bxc6 Bxc6 15. Bf2 Rae8 16. Bg3 Qb7 17. h4 b5 18. dxc5 b4 19. Ne2 Nxc5 20. Ned4 Ne4 21. Qh2 Qa6 22. Kb1 Nc3+ 23. bxc3 bxc3 24. Ka1 Rb8 25. Rb1 Rb2 26. Rxb2 cxb2+ 27. Kb1 Rc8 28. Qe2 Qb7 29. Qxe6+ 1-0

[Event "Hoogeveen op 21st"]
[Site "Hoogeveen"]
[Date "2017.10.24"]
[Round "5"]
[White "Wempe, Joost"]
[Black "De Jong, Migchiel"]
[Result "1-0"]
[WhiteElo "2289"]
[BlackElo "2352"]
[PlyCount "109"]
[EventDate "2017.10.21"]
[EventType "swiss"]
[EventRounds "9"]
[EventCountry "NED"]
[SourceTitle "CBM 181 Extra"]
[Source "ChessBase"]
[SourceDate "2017.12.12"]
[SourceVersion "1"]
[SourceVersionDate "2017.12.12"]
[SourceQuality "1"]

1. d4 e6 2. Nf3 c5 3. g3 b5 4. Bg2 Bb7 5. 0-0 Nf6 6. Na3 b4 7. Nc4 d5 8. Nce5 Be7 9. Ng5 0-0 10. Bh3 Bc8 11. c4 bxc3 12. bxc3 h6 13. Ngf3 c4 14. Bf4 Qa5 15. Rb1 Bd7 16. Qc1 Nc6 17. Rb7 Ba3 18. Qe3 Nxe5 19. dxe5 Bc5 20. Qc1 Ne4 21. Rxd7 Qxc3 22. Be3 Bxe3 23. Qxe3 Qxe3 24. fxe3 Rfd8 25. Rb7 Rdb8 26. Rfb1 Rxb7 27. Rxb7 Nc3 28. a3 Nxe2+ 29. Kf2 Nc3 30. Nd4 Ne4+ 31. Ke2 a5 32. Nc6 a4 33. Bg2 Nc5 34. Ra7 Rxa7 35. Nxa7 Kf8 36. Kd2 Ke8 37. Kc3 Nd3 38. e4 dxe4 39. Bxe4 Nxe5 40. Bc6+ Ke7 41. Bxa4 Kd6 42. Bd1 Kc5 43. a4 g5 44. Nb5 Nd7 45. Nc7 Nf6 46. Bf3 e5 47. Na6+ Kb6 48. Nb4 e4 49. Be2 Ka5 50. Bd1 e3 51. Kxc4 Ne4 52. Nc6+ Kb6 53. Nd4 Nf2 54. Be2 Ka5 55. Nf5 1-0

[Event "Hoogeveen op 21st"]
[Site "Hoogeveen"]
[Date "2017.10.22"]
[Round "2"]
[White "Pruijssers, Roeland"]
[Black "Wempe, Joost"]
[Result "1-0"]
[WhiteElo "2512"]
[BlackElo "2289"]
[PlyCount "61"]
[EventDate "2017.10.21"]
[EventType "swiss"]
[EventRounds "9"]
[EventCountry "NED"]
[SourceTitle "CBM 181 Extra"]
[Source "ChessBase"]
[SourceDate "2017.12.12"]
[SourceVersion "1"]
[SourceVersionDate "2017.12.12"]
[SourceQuality "1"]

1. e4 e6 2. d4 d5 3. Nd2 Nf6 4. e5 Nfd7 5. Bd3 c5 6. c3 Nc6 7. Ne2 cxd4 8. cxd4 f5 9. exf6 Nxf6 10. Nf3 Bd6 11. 0-0 Qc7 12. Nc3 a6 13. Bd2 0-0 14. Rc1 Bd7 15. Re1 Ng4 16. g3 h6 17. Bf1 Be8 18. Rxe6 Qd7 19. Re1 Nxf2 20. Kxf2 Bh5 21. Bg2 Rxf3+ 22. Bxf3 Rf8 23. Bf4 Bxf4 24. Bxh5 Bxc1+ 25. Kg2 Bxb2 26. Ne2 Qd6 27. Nf4 Bxd4 28. Bf3 g5 29. Bxd5+ Kg7 30. Re6 Qa3 31. Nh5+ 1-0

[Event "NED-chT 1617"]
[Site "Netherlands"]
[Date "2017.03.11"]
[Round "7.7"]
[White "Maris, Ivo"]
[Black "Wempe, Joost"]
[Result "1-0"]
[WhiteElo "2338"]
[BlackElo "2283"]
[PlyCount "93"]
[EventDate "2016.09.17"]
[EventType "team-tourn"]
[EventRounds "9"]
[EventCountry "NED"]
[SourceTitle "EXT 2018"]
[Source "ChessBase"]
[SourceDate "2017.10.13"]
[SourceVersion "1"]
[SourceVersionDate "2017.10.13"]
[SourceQuality "1"]
[WhiteTeam "SISSA"]
[BlackTeam "Groningen Combinatie"]
[WhiteTeamCountry "NED"]
[BlackTeamCountry "NED"]

1. d4 e6 2. Bf4 Nf6 3. Nd2 Nh5 4. Be3 b6 5. Nh3 Be7 6. Nf4 Nf6 7. f3 c5 8. c3 Qc7 9. Nd3 c4 10. Bf4 d6 11. Nb4 Nh5 12. Be3 0-0 13. Bf2 f5 14. e3 d5 15. g4 fxg4 16. fxg4 Nf6 17. Bg3 Bd6 18. Bxd6 Qxd6 19. g5 Nfd7 20. Qe2 a5 21. Nc2 e5 22. Bg2 e4 23. 0-0-0 b5 24. Rdf1 Nc6 25. Nxe4 dxe4 26. Bxe4 Ra7 27. Qh5 g6 28. Qh6 Nd8 29. Qh4 Bb7 30. Bxb7 Rxb7 31. e4 b4 32. e5 Qc6 33. Qg4 b3 34. axb3 cxb3 35. Ne3 Qa4 36. Kd2 Qa2 37. Nc4 Qa4 38. Nd6 Rc7 39. e6 Rxf1 40. e7 Rf2+ 41. Ke3 Rf8 42. exd8Q Rxd8 43. Qe6+ Kh8 44. Nf7+ Kg7 45. Nxd8 Qc4 46. Qe7+ Kg8 47. Ne6 1-0

[Event "NED-chT 1415"]
[Site "Netherlands"]
[Date "2014.11.01"]
[Round "2.7"]
[White "Wempe, Joost"]
[Black "Vedder, Henk"]
[Result "1/2-1/2"]
[WhiteElo "2266"]
[BlackElo "2382"]
[PlyCount "136"]
[EventDate "2014.09.27"]
[EventType "team-tourn"]
[EventRounds "9"]
[EventCountry "NED"]
[SourceTitle "EXT 2015"]
[Source "ChessBase"]
[SourceDate "2014.11.20"]
[SourceVersion "1"]
[SourceVersionDate "2014.11.20"]
[SourceQuality "1"]
[WhiteTeam "Groningen"]
[BlackTeam "En Passant"]
[WhiteTeamCountry "NED"]
[BlackTeamCountry "NED"]

1. d4 e6 2. c4 Bb4+ 3. Nd2 c5 4. a3 Bxd2+ 5. Qxd2 cxd4 6. Nf3 Nf6 7. Nxd4 0-0 8. g3 d5 9. Bg2 e5 10. Nf3 e4 11. Nd4 dxc4 12. 0-0 Qd5 13. Rd1 Qh5 14. Qg5 Bg4 15. Qxh5 Bxh5 16. Bg5 Nbd7 17. Kf1 h6 18. Bf4 Nb6 19. Rac1 Rad8 20. Nb5 Nbd5 21. Nd6 Nxf4 22. gxf4 b5 23. Nxe4 Nxe4 24. Bxe4 Bg4 25. f5 Bh3+ 26. Ke1 Rde8 27. f3 Re5 28. a4 a6 29. Rd6 Bxf5 30. Bxf5 Rxf5 31. Rxa6 bxa4 32. Rxc4 Rb8 33. Rc2 Rf4 34. Ra7 Rb5 35. Kf2 Rh5 36. Kg3 Rfh4 37. Rc8+ Kh7 38. Rxf7 Rh3+ 39. Kf4 R5h4+ 40. Ke3 Rxh2 41. Ra8 Rb4 42. Raa7 Rg2 43. Rfb7 Rc4 44. Kd3 Rc1 45. Kd2 Rc4 46. Kd3 Rc1 47. e4 Rd1+ 48. Ke3 Re1+ 49. Kf4 Ree2 50. Rxa4 Rxb2 51. Rxb2 Rxb2 52. Kf5 g6+ 53. Kf4 Rb7 54. e5 Kg7 55. Ke4 Kf7 56. Kd5 Rb5+ 57. Kd6 Rb6+ 58. Kd7 Rb7+ 59. Kd6 Rb6+ 60. Kd5 Rb5+ 61. Ke4 Rb7 62. f4 h5 63. Ra6 Rb4+ 64. Kf3 Rb3+ 65. Ke4 Rb4+ 66. Kf3 Rb3+ 67. Ke4 Rb4+ 68. Kf3 Rb3+ 1/2-1/2

[Event "NED-chT 1314"]
[Site "Netherlands"]
[Date "2014.04.12"]
[Round "8.7"]
[White "Van der Stricht, Geert"]
[Black "Wempe, Joost"]
[Result "1-0"]
[WhiteElo "2371"]
[BlackElo "2261"]
[PlyCount "97"]
[EventDate "2013.09.21"]
[EventType "team-tourn"]
[EventRounds "9"]
[EventCountry "NED"]
[SourceTitle "EXT 2015"]
[Source "ChessBase"]
[SourceDate "2014.11.20"]
[SourceVersion "1"]
[SourceVersionDate "2014.11.20"]
[SourceQuality "1"]
[WhiteTeam "Calder HMC"]
[BlackTeam "Groningen"]
[WhiteTeamCountry "NED"]
[BlackTeamCountry "NED"]

1. d4 e6 2. c4 b6 3. e4 Bb7 4. Bd3 Nc6 5. Nf3 Nb4 6. 0-0 Ne7 7. Nc3 Nxd3 8. Qxd3 Ng6 9. a3 a5 10. Re1 Be7 11. d5 0-0 12. Rb1 e5 13. b4 d6 14. Be3 Bc8 15. c5 axb4 16. axb4 bxc5 17. bxc5 dxc5 18. Ra1 Bd7 19. Qc4 Bd6 20. Bxc5 Nf4 21. Be3 Rxa1 22. Rxa1 Qf6 23. Bxf4 exf4 24. Re1 Be5 25. Nb5 Bxb5 26. Qxb5 g5 27. h3 h5 28. Qe2 Bc3 29. e5 Qg6 30. Rc1 Ba5 31. Rc6 Qg7 32. Nh2 Re8 33. Qxh5 Rxe5 34. Ng4 Re1+ 35. Kh2 Kf8 36. Nf6 Ke7 37. Qg4 Qxf6 38. Rxf6 Kxf6 39. h4 Re5 40. hxg5+ Rxg5 41. Qxf4+ Kg6 42. Qe4+ Kg7 43. g3 Bb6 44. Kg2 Bc5 45. f4 Rh5 46. Qf3 Kg6 47. Qg4+ Kh6 48. Qd7 Kg7 49. g4 1-0

[Event "NED-chT 1314"]
[Site "Netherlands"]
[Date "2013.11.02"]
[Round "2.9"]
[White "Wempe, Joost"]
[Black "De Jong, Jan Willem"]
[Result "0-1"]
[WhiteElo "2256"]
[BlackElo "2453"]
[PlyCount "50"]
[EventDate "2013.09.21"]
[EventType "team-tourn"]
[EventRounds "9"]
[EventCountry "NED"]
[SourceTitle "EXT 2015"]
[Source "ChessBase"]
[SourceDate "2014.11.20"]
[SourceVersion "1"]
[SourceVersionDate "2014.11.20"]
[SourceQuality "1"]
[WhiteTeam "Groningen"]
[BlackTeam "Leiden LSG"]
[WhiteTeamCountry "NED"]
[BlackTeamCountry "NED"]

1. d4 Nf6 2. c4 e6 3. g3 d5 4. Nf3 dxc4 5. Bg2 Bb4+ 6. Bd2 a5 7. 0-0 0-0 8. Na3 Bxa3 9. bxa3 b5 10. Ne5 Nd5 11. e4 Nb6 12. Be3 f6 13. Nf3 Bb7 14. Qc2 N8d7 15. Rab1 c6 16. Rfd1 Qe7 17. a4 Nxa4 18. d5 e5 19. Nh4 g6 20. f4 Rac8 21. Bd2 c3 22. Be3 Nb2 23. Rf1 b4 24. Qe2 cxd5 25. exd5 Nc4 0-1

[Event "Dieren op"]
[Site "Dieren"]
[Date "2013.08.01"]
[Round "9"]
[White "Jonker, Fred"]
[Black "Wempe, Joost"]
[Result "1/2-1/2"]
[WhiteElo "2141"]
[BlackElo "2271"]
[PlyCount "133"]
[EventDate "2013.07.23"]
[EventType "swiss"]
[EventRounds "9"]
[EventCountry "NED"]
[SourceTitle "EXT 2015"]
[Source "ChessBase"]
[SourceDate "2014.11.20"]
[SourceVersion "1"]
[SourceVersionDate "2014.11.20"]
[SourceQuality "1"]

1. e4 e6 2. d4 d5 3. Bd3 dxe4 4. Bxe4 Nf6 5. Bf3 c5 6. c3 Nc6 7. Ne2 Be7 8. 0-0 0-0 9. Bf4 cxd4 10. Nxd4 Nxd4 11. Qxd4 Nd5 12. Be5 f6 13. Bg3 Qb6 14. Qxb6 Nxb6 15. a4 Nc4 16. a5 Nd6 17. c4 e5 18. Bd5+ Kh8 19. f4 e4 20. Nc3 f5 21. Bf2 a6 22. Na4 Rb8 23. Ba7 Ra8 24. Bd4 Bd7 25. Rfd1 Bc6 26. Nc5 Bxd5 27. cxd5 Rfc8 28. b4 Kg8 29. Rac1 g6 30. Be5 Rc7 31. Ne6 Rxc1 32. Rxc1 Rc8 33. Nc5 e3 34. Bd4 Ne4 35. Bxe3 Rd8 36. Nxb7 Rxd5 37. Nc5 Bxc5 38. bxc5 Kf7 39. c6 Nd6 40. Bb6 Ke6 41. Re1+ Ne4 42. Rc1 Nd6 43. Kf2 Rd3 44. Ke2 Rd5 45. Rc3 Nb5 46. Rc4 Nd6 47. Rc1 Nc8 48. h3 Kd6 49. g4 Rb5 50. c7 Rb3 51. gxf5 gxf5 52. Rg1 Kc6 53. Rg8 Kb7 54. h4 Rb4 55. Ke3 Re4+ 56. Kf3 Rc4 57. h5 Rc3+ 58. Kf2 Rh3 59. Rf8 Rxh5 60. Kg3 Rh6 61. Kg2 Rc6 62. Kf3 Rc3+ 63. Ke2 Rc4 64. Ke3 Re4+ 65. Kf3 Rb4 66. Kg3 Rc4 67. Kf3 1/2-1/2

[Event "Dieren op"]
[Site "Dieren"]
[Date "2013.07.24"]
[Round "2"]
[White "Wempe, Joost"]
[Black "L'Ami, Erwin"]
[Result "0-1"]
[WhiteElo "2271"]
[BlackElo "2640"]
[PlyCount "108"]
[EventDate "2013.07.23"]
[EventType "swiss"]
[EventRounds "9"]
[EventCountry "NED"]
[SourceTitle "EXT 2014"]
[Source "ChessBase"]
[SourceDate "2013.11.20"]
[SourceVersion "1"]
[SourceVersionDate "2013.11.20"]
[SourceQuality "1"]

1. d4 Nf6 2. c4 e6 3. g3 d5 4. Nf3 Bb4+ 5. Bd2 Be7 6. Bg2 0-0 7. 0-0 c6 8. Qc2 Nbd7 9. Rd1 a5 10. Bf4 Nh5 11. Bc1 f5 12. b3 Nhf6 13. Ne5 Nxe5 14. dxe5 Ng4 15. Qc3 Bb4 16. Qd4 Qe7 17. Qf4 Bc5 18. Rf1 g5 19. Qd2 Nxe5 20. Bb2 Ng6 21. Nc3 Bd6 22. Rad1 Be5 23. Na4 Bxb2 24. Qxb2 Bd7 25. Nb6 Rad8 26. Rc1 Be8 27. Qc3 Qb4 28. Qxb4 axb4 29. cxd5 cxd5 30. Rc7 Rf7 31. Rfc1 Bc6 32. Rc8 Rxc8 33. Nxc8 Rd7 34. h3 Ne7 35. Nb6 Rd6 36. Kf1 Kf7 37. Ke1 Ke8 38. Rd1 Bb5 39. Nc4 Ra6 40. Ne5 Rxa2 41. Rd2 Rxd2 42. Kxd2 Nc6 43. Nd3 Ke7 44. f4 gxf4 45. gxf4 Kd6 46. e3 Bxd3 47. Kxd3 Na5 48. Kc2 b6 49. Bf3 Nb7 50. Bd1 Nc5 51. Kd2 Ne4+ 52. Ke1 d4 53. Bc2 Kc5 54. Ke2 Nc3+ 0-1